| 000 | 03489cam a2200421 i 4500 | ||
|---|---|---|---|
| 001 | 22196433 | ||
| 003 | OSt | ||
| 005 | 20230921153209.0 | ||
| 008 | 210829s2019 enkab b 001 0 eng | ||
| 010 | _a 2020335913 | ||
| 020 |
_a9780367247317 _q(hbk) |
||
| 020 |
_z9780429422959 _q(ebk) |
||
| 025 | _aI-E-2020335913 | ||
| 037 | _bLibrary of Congress -- New Delhi Overseas Office | ||
| 040 |
_aDLC _beng _erda _cDLC _dDLC |
||
| 042 |
_alcode _apcc |
||
| 043 | _aa-ii--- | ||
| 050 | 0 | 0 |
_aDS480.842 _b.P3818 2019 |
| 082 |
_a954.04 _bRAN/P |
||
| 245 | 0 | 0 |
_aPartition of India : _bpostcolonial legacies / _cedited by Amit Ranjan. |
| 250 | _aFirst South Asia edition. | ||
| 264 | 1 |
_aAbingdon, Oxon ; _aNew York, NY : _bRoutledge, Taylor & Francis Group, _c2019. |
|
| 264 | 2 |
_aNew Delhi, India : _bExclusively distributed by, Manohar Publishers & Distributors |
|
| 300 |
_axv, 317 pages : _billustrations, map ; _c23 cm |
||
| 336 |
_atext _btxt _2rdacontent |
||
| 337 |
_aunmediated _bn _2rdamedia |
||
| 338 |
_avolume _bnc _2rdacarrier |
||
| 500 | _aContributed articles. | ||
| 500 | _a"A Routledge India original"--Cover. | ||
| 504 | _aIncludes bibliographical references and index. | ||
| 505 | 0 |
_aList of illustrations -- List of contributors -- Preface -- List of abbreviations -- Glossary -- _gIntroduction : _t1. Partition of India: a reaction against "differences"? / _rAmit Ranjan -- _gPart I. Impact of partition in the provinces and princely states : _t2. The 1947 partition of Punjab / _rIshtiaq Ahmed -- _t3. Peregrination of Sindh's march towards Pakistan: communal politics, class conflict and competing nationalisms / _rFarhan Hanif Siddiqi -- _t4. Peasant nationalism, elite conflict, and the second partition of Bengal, 1918-1947 / _rTaj Hashmi -- _t5. Recovering a forgotten partition: decolonisation, displacement and memories of home and uprooting in postcolonial Assam / _rBinayak Dutta -- _t6. Did India's Partition lead to the segregation of North-East India? / _rRituparna Bhattacharyya -- _t7. Balochistan: from British rule to a province of Pakistan / _rNizam Rahim Baloch -- _gPart II. Migration and displacement : _t8. Unwanted refugees: Sindhi Hindus in India and Muhajirs in Sindhi / _rNandita Bhavnani -- _t9. 1950 riots and fractured social spaces: minority displacement and dispossession in Calcutta and its neighbouring areas / _rSubhasri Ghosh -- _gPart III. Personal history, interpretation and (re)presentation : _t10. Kashmir as partition's 'unfinished business' / _rFarooq Sulehria -- _t11. Lucknow: a personal history / _rMehru Jaffer -- _t12. Bacha Khan: the legacy of hope and perseverance / _rAltaf Khan -- _t13. Whose history of partition?: Tamil cinema and the negotiation of national identity / _rKalathmika Natarajan -- _t14. Re(presenting) refugee women in Bengal's partition narratives / _rRoshni Sharma -- _gPart IV. Relationships: India-Pakistan-Bangladesh : _t15. Seventy years of India-Pakistan relations / _rSajad Padder -- _t16. India, Bangladesh and International Crime Tribunal / _rPunam Pandey -- _t17. Bangladesh-Pakistan ties: future prospects of a troubled relationship / _rPallavi Deka -- Index. |
|
| 530 | _aAlso available as an e-book. | ||
| 651 | 0 |
_aIndia _xHistory _yPartition, 1947. |
|
| 700 | 1 |
_aRanjan, Amit _c(Researcher on South Asia) _eeditor. _99559 |
|
| 906 |
_a7 _bcbc _corigode _d3 _encip _f20 _gy-gencatlg |
||
| 942 |
_2ddc _cBK _h954.04 _iRAN/P _k954.04 _mRAN/P |
||
| 999 |
_c42220 _d42220 |
||